书目信息 |
| 题名: |
教育扶贫的国际经验与中国路径
|
|
| 作者: | 陈波涌 , 唐智彬 著 | |
| 分册: | ||
| 出版信息: | 长沙 湖南大学出版社 2021 |
|
| 页数: | 261页 | |
| 开本: | 24cm | |
| 丛书名: | ||
| 单 册: | ||
| 中图分类: | G51 | |
| 科图分类: | ||
| 主题词: | 教育--扶贫--研究--世界 | |
| 电子资源: | ||
| ISBN: | 978-7-5667-2132-7 | |
| 000 | 01103nam0 2200241 450 | |
| 001 | 2378365905 | |
| 005 | 20231119214617.95 | |
| 010 | @a978-7-5667-2132-7@dCNY68.00 | |
| 100 | @a20210709d2021 em y0chiy50 ea | |
| 101 | 0 | @achi |
| 102 | @aCN@b430000 | |
| 105 | @ay z 000yy | |
| 200 | 1 | @a教育扶贫的国际经验与中国路径@Ajiao yu fu pin de guo ji jing yan yu zhong guo lu jing@f陈波涌,唐智彬著 |
| 210 | @a长沙@c湖南大学出版社@d2021 | |
| 215 | @a261页@d24cm | |
| 330 | @a本书从多学科视角对教育扶贫进行了深入的分析,对经济合作与发展组织、世界银行等国际组织推动教育扶贫的政策、实践与经验进行了全面整理,对12个国家教育扶贫经验进行了系统梳理和总结,试图明确教育在扶贫体系中的重要地位。基于国际经验,本书以我国教育扶贫的现行框架为基础,针对性地提出对教育扶贫事业发展的展望和建议,具有现实指导意义。 | |
| 510 | 1 | @aAlleviating the poverty of education international experience and China's path@zeng |
| 606 | 0 | @a教育@x扶贫@x研究@y世界 |
| 690 | @aG51@v5 | |
| 701 | 0 | @a陈波涌@Achen bo yong@f(1969-)@4著 |
| 701 | 0 | @a唐智彬@Atang zhi bin@4著 |
| 801 | 0 | @aCN@b山东中教@c20231119 |
| 905 | @aBZT@dG51@e11 | |
| 教育扶贫的国际经验与中国路径/陈波涌,唐智彬著.-长沙:湖南大学出版社,2021 |
| 261页;24cm |
| ISBN 978-7-5667-2132-7:CNY68.00 |
| 本书从多学科视角对教育扶贫进行了深入的分析,对经济合作与发展组织、世界银行等国际组织推动教育扶贫的政策、实践与经验进行了全面整理,对12个国家教育扶贫经验进行了系统梳理和总结,试图明确教育在扶贫体系中的重要地位。基于国际经验,本书以我国教育扶贫的现行框架为基础,针对性地提出对教育扶贫事业发展的展望和建议,具有现实指导意义。 |
| ● |
| 相关链接 |
|
|
|
正题名:教育扶贫的国际经验与中国路径
索取号:G51/11
 
预约/预借
| 序号 | 登录号 | 条形码 | 馆藏地/架位号 | 状态 | 备注 |
| 1 | 2000986841 | 2000986841 | 中教第一批/山东中教(第一批)/336/ [索取号:G51/11] | 在馆 | |
| 2 | 2000986842 | 2000986842 | 中教第一批/山东中教(第一批)/336/ [索取号:G51/11] | 在馆 | |
| 3 | 2000986843 | 2000986843 | 中教第一批/山东中教(第一批)/336/ [索取号:G51/11] | 在馆 |